| 000 | 00361nam a2200145Ia 4500 | ||
|---|---|---|---|
| 008 | 230917s9999||||xx |||||||||||||| ||und|| | ||
| 040 |
_e247153 _aMAIN |
||
| 041 | _aEnglish | ||
| 082 | _a345.0773 P939R | ||
| 100 | _aPriya | ||
| 245 | 0 | _aRelevancy of capital punishment: Laws relating to judicial trends | |
| 260 | _c2016 | ||
| 300 | _a173 p. | ||
| 942 | _cTH | ||
| 999 |
_c128006 _d128006 |
||